Sourcing and Fertilizer Application Equipment of India (Record no. 19159)
[ view plain ]
| 000 -LEADER | |
|---|---|
| fixed length control field | 00265nam a22001097a 4500 |
| 003 - CONTROL NUMBER IDENTIFIER | |
| control field | OSt |
| 008 - FIXED-LENGTH DATA ELEMENTS--GENERAL INFORMATION | |
| fixed length control field | 250128b |||||||| |||| 00| 0 eng d |
| 041 ## - LANGUAGE CODE | |
| Language code of text/sound track or separate title | eng |
| 100 ## - MAIN ENTRY--AUTHOR NAME | |
| Personal name | Gite, LP |
| 245 ## - TITLE STATEMENT | |
| Title | Sourcing and Fertilizer Application Equipment of India |
| 942 ## - ADDED ENTRY ELEMENTS (KOHA) | |
| Koha item type | Books |
No items available.
